000 00447nam a2200145Ia 4500
008 231129s1998||||xx |||||||||||||| ||spa||
020 _a958-20-0387-1
040 _bspa
082 _a370.19 N718a
100 _aNiño Mesa Fideligno de Jesús
245 0 _aAntropologí­a pedagógica: Intelección voluntad y afectividad
260 _c1998
264 _aCooperativa Editorial Magisterio
942 _2ddc
_cBKS
999 _c5361
_d5361